[Event "Figueira da Foz 2009"]
[Site "Figueira da Foz"]
[Date "2009.12.06"]
[Round "9.13"]
[White "Neves, Pedro"]
[Black "Costa, João Guerra"]
[Result "1/2-1/2"]
[WhiteElo "2075"]
[BlackElo "2205"]
[PlyCount "73"]
[EventDate "2009.??.??"]

1. c4 f5 2. g3 Nf6 3. Bg2 g6 4. Nc3 Bg7 5. d3 d6 6. e4 c6 7. Nge2 O-O 8. O-O
Na6 9. h3 Nc7 10. f4 e5 11. Kh2 Qe8 12. Be3 Be6 13. c5 fxe4 14. dxe4 d5 15.
fxe5 Nxe4 16. Rxf8+ Qxf8 17. Nxe4 dxe4 18. Qd6 Qc8 19. Nf4 Bd5 20. h4 Bf8 21.
Qf6 Bg7 22. Qd6 Ne8 23. Qe7 Qc7 24. Nxd5 cxd5 25. Qe6+ Qf7 26. Bh3 Nc7 27.
Qxf7+ Kxf7 28. Rf1+ Kg8 29. Bf4 Re8 30. Bd7 Re7 31. Bc8 Bxe5 32. Bg5 Rf7 33.
Rxf7 Kxf7 34. Bxb7 Ke6 35. Bc8+ Kf7 36. Bb7 Ke6 37. Bc8+ 1/2-1/2

[Event "Figueira da Foz 2009"]
[Site "Figueira da Foz"]
[Date "2009.12.06"]
[Round "9.14"]
[White "Pena, Hélio"]
[Black "Kasparova, Tatiana"]
[Result "0-1"]
[WhiteElo "1926"]
[BlackElo "2191"]
[PlyCount "98"]
[EventDate "2009.??.??"]

1. e4 c6 2. f4 d5 3. e5 h5 4. Be2 g6 5. d4 Bf5 6. Nf3 e6 7. Be3 Qb6 8. Qc1 c5
9. c3 Nh6 10. Nbd2 Nc6 11. Nb3 cxd4 12. Nbxd4 Bc5 13. Qd2 Be4 14. b4 Bxd4 15.
Nxd4 Nxd4 16. Bxd4 Qc6 17. a4 a6 18. b5 Qc7 19. O-O Nf5 20. Bf2 O-O 21. Rfc1
Qe7 22. Bd3 Bxd3 23. Qxd3 Rfc8 24. h3 h4 25. Kh2 Rc4 26. bxa6 Rxa6 27. a5 Rxf4
28. Bd4 Qg5 29. Kg1 Rc6 30. Rf1 Ng3 31. Rfe1 Rc4 32. Be3 Qf5 33. Qxf5 Rxf5 34.
Bd4 Rf4 35. Rab1 Ra4 36. Rxb7 Rxa5 37. Rb8+ Kh7 38. Rb7 Kg7 39. Be3 Rf5 40. Bf2
Ra2 41. Bc5 Ne4 42. Bd4 Rg5 43. g4 hxg3 44. Rf1 Rf5 45. Rxf5 gxf5 46. Be3 Nd2
47. Bxd2 Rxd2 48. Rc7 f4 49. c4 f3 0-1

[Event "Figueira da Foz 2009"]
[Site "Figueira da Foz"]
[Date "2009.12.06"]
[Round "9.15"]
[White "Maltez, Nuno"]
[Black "Durão, Joaquim"]
[Result "0-1"]
[WhiteElo "2035"]
[BlackElo "2029"]
[PlyCount "128"]
[EventDate "2009.??.??"]

1. e4 e6 2. d4 d5 3. Nc3 Bb4 4. e5 c5 5. a3 Bxc3+ 6. bxc3 Ne7 7. Qg4 Nf5 8. Ne2
Nc6 9. Ng3 Qh4 10. Qxh4 Nxh4 11. Bg5 Ng6 12. Be3 c4 13. h4 Bd7 14. h5 Nge7 15.
Ne2 h6 16. g4 O-O-O 17. Kd2 Rdf8 18. Bg2 f6 19. f4 Be8 20. Ng3 Kd7 21. Rae1 f5
22. Bh3 g6 23. Reg1 fxg4 24. Bxg4 Nf5 25. hxg6 Bxg6 26. Bxf5 Bxf5 27. Nh5 Rf7
28. Bf2 Nb8 29. Bh4 Kc6 30. Bf6 Rhh7 31. Ng7 Nd7 32. Nxf5 Nxf6 33. Nd6 Rf8 34.
Ke3 Ne8 35. Nxe8 Rxe8 36. Rh5 Kd7 37. Rg6 Reh8 38. f5 exf5 39. Kf4 Ke7 40. Kxf5
Rf8+ 41. Rf6 Rhh8 42. Kg6 Rfg8+ 43. Kf5 Rf8 44. Rxf8 Rxf8+ 45. Kg6 Rf3 46. Rxh6
Rxc3 47. Rh7+ Ke6 48. Rxb7 Rg3+ 49. Kh5 Rxa3 50. Rc7 a5 51. Rc6+ Kf5 52. Rf6+
Ke4 53. Kg6 Kxd4 54. e6 Re3 55. Kf7 Kc3 56. Rf5 d4 57. Rxa5 Kxc2 58. Ra2+ Kb1
59. Ra6 d3 60. Rd6 Kc2 61. e7 Rxe7+ 62. Kxe7 d2 63. Ke6 c3 64. Ke5 d1=Q 0-1

[Event "Figueira da Foz 2009"]
[Site "Figueira da Foz"]
[Date "2009.12.06"]
[Round "9.16"]
[White "Cavaleiro, Daniel"]
[Black "Carapeto, Ricardo"]
[Result "1/2-1/2"]
[WhiteElo "1856"]
[BlackElo "1894"]
[PlyCount "26"]
[EventDate "2009.??.??"]

1. Nf3 c6 2. g3 d5 3. Bg2 Nf6 4. O-O g6 5. d3 Bg7 6. Nbd2 O-O 7. c4 Re8 8. Ne5
Nbd7 9. Ndf3 Qc7 10. Nxd7 Nxd7 11. Qc2 dxc4 12. Qxc4 Nb6 13. Qc2 Bg4 1/2-1/2

[Event "Figueira da Foz 2009"]
[Site "Figueira da Foz"]
[Date "2009.12.06"]
[Round "9.17"]
[White "Babo, Miguel"]
[Black "Pais, Bruno"]
[Result "1-0"]
[WhiteElo "1947"]
[BlackElo "1712"]
[PlyCount "120"]
[EventDate "2009.??.??"]

1. d4 d5 2. Nf3 Nf6 3. e3 c6 4. Bd3 e6 5. Nbd2 Bd6 6. b3 Nbd7 7. Bb2 b6 8. O-O
Bb7 9. Ne5 Qc7 10. f4 a5 11. a4 Be7 12. Qf3 c5 13. Qh3 Ne4 14. Ndf3 Nxe5 15.
Nxe5 Ba6 16. Rfd1 Bf6 17. Qf3 Bxd3 18. cxd3 Nd6 19. e4 dxe4 20. dxe4 Bxe5 21.
fxe5 Nb7 22. d5 O-O 23. Qg4 Nd8 24. Rab1 Rc8 25. Bc1 Kh8 26. Bf4 Qd7 27. Rd3
Rg8 28. Rg3 Qb7 29. Bh6 g6 30. Qg5 f5 31. exf6 Nf7 32. Bg7+ Rxg7 33. fxg7+ Kxg7
34. Qd2 exd5 35. exd5 Nd6 36. Re1 Nf5 37. Rf3 Rd8 38. Rd3 Nd4 39. Rh3 Kg8 40.
Qg5 Qc8 41. Re7 Qxh3 42. Rg7+ Kxg7 43. Qe7+ Kh6 44. gxh3 Rxd5 45. h4 Rf5 46.
Kg2 Rd5 47. Qc7 Nf5 48. Qxb6 Rd2+ 49. Kg1 Rd1+ 50. Kf2 Rd2+ 51. Ke1 Rb2 52.
Qxc5 Rxb3 53. Qxa5 Nxh4 54. Kf2 Rf3+ 55. Ke2 Rf5 56. Qb4 g5 57. a5 Ng2 58. a6
Nf4+ 59. Kd2 Rd5+ 60. Kc2 Ne6 1-0